Szczegóły MARC21

Doświadczenie (po)granicza : polsko-niemieckie Pomorze w historii, literaturze, kulturze /

003 -Nazwa inst., której nr kontr. jest w polu 001 [,]
    • @
    • Nazwa instytucji, której n kontrolny jest w polu 001
    • NUKAT
005 -DATA I CZAS OSTATNIEJ MODYFIKACJI [,]
    • @
    • pole kontrolne
    • 20241231091007.0
020 -Międzynarod. znormalizowany nr książki - ISBN [ , ]
    • a
    • Numer ISBN
    • 9788301180577 Find
040 -Instytucja sporządzająca opis [ , ]
    • a
    • Instytucja, która sporządziła opis (NP)
    • SZCZ M/HS
    • c
    • Instytucja, która sporządziła rekord (NP)
    • SZCZ M/HS
    • d
    • Instytucja, która zmodyfikowała rekord (P)
    • BSTOK U/AIs
942 -Rodzaj dokumentu [ , ]
    • c
    • Rodzaj dokumentu
    • Książka
245 -Strefa tytułu i oznaczenia odpowiedzialności [0,0]
    • a
    • Tytuł
    • Doświadczenie (po)granicza : Find
    • b
    • Ciąg dalszy tytułu (NP)
    • polsko-niemieckie Pomorze w historii, literaturze, kulturze / Find
    • c
    • Pozostałe elementy strefy tytułu i oznaczenia odpowiedzialności (NP)
    • red. nauk. Paweł Wolski.
260 -Strefa adresu wydawniczego [ , ]
    • a
    • Miejsce wydania (P)
    • Warszawa :
    • b
    • Nazwa wydawcy (P)
    • Wydawnictwo Naukowe PWN,
    • c
    • Data wydania (P)
    • cop. 2014.
300 -Strefa opisu fizycznego [ , ]
    • a
    • Określenie formy książki i/lub objętość (NP)
    • 106 s. :
    • b
    • Oznaczenie ilustracji (NP)
    • il. ;
    • c
    • Format (NP)
    • 24 cm.
336 -Typ zawartości [ , ]
    • a
    • Termin opisujący typ zawartości
    • Tekst
    • b
    • Kod określający zawartość
    • txt
    • 2
    • Źródło (terminu i kodu)
    • rdacontent
337 -Typ mediów [ , ]
    • a
    • Tryb odtwarzania
    • Bez urządzenia pośredniczącego
    • b
    • Kod typu mediów
    • n
    • 2
    • Źródło (terminu i kodu)
    • rdamedia
338 -Typ/rodzaj nośnika [ , ]
    • a
    • Hasło opisujące typ nośnika
    • Wolumin
    • b
    • Kod typu nośnika
    • nc
    • 2
    • Źródło (terminu i kodu)
    • rdacarrier
504 -Uwaga dot. bibliogr. załącznikowej [ , ]
    • a
    • Uwaga dot. bibliografii załącznikowej
    • Bibliogr. przy 1-ej pracy s. 95-96.
080 -Uniwersalna Klasyfikacja Dziesiętna [ , ]
    • 2
    • Identyfikator wydania tablic
    • UDC-P058
    • 9
    • UKD
    • 3338
    • a
    • Symbol klasyfikacji
    • 339.92(1-04)
    • b
    • Dopowiedzenie
    • Regiony współpracy przygranicznej. Euroregiony.
    • 4
    • UKD2
    • 7642
    • x
    • Poddział wspólny
    • (438)
    • c
    • Dopowiedzenie poddz. wspólnego
    • (Polska).
    • 4
    • UKD2
    • 7885
    • x
    • Poddział wspólny
    • (430)
    • c
    • Dopowiedzenie poddz. wspólnego
    • (Niemcy. Republika Federalna od 1990).
080 -Uniwersalna Klasyfikacja Dziesiętna [ , ]
    • 2
    • Identyfikator wydania tablic
    • UDC-P058
    • 9
    • UKD
    • 2802
    • a
    • Symbol klasyfikacji
    • 316.347
    • b
    • Dopowiedzenie
    • Zróżnicowanie społeczne według pochodzenia narodowego, rasowego, etnicznego i religijnego. Mniejszości.
    • 4
    • UKD2
    • 7885
    • x
    • Poddział wspólny
    • (430)
    • c
    • Dopowiedzenie poddz. wspólnego
    • (Niemcy. Republika Federalna od 1990).
    • 4
    • UKD2
    • 7642
    • x
    • Poddział wspólny
    • (438)
    • c
    • Dopowiedzenie poddz. wspólnego
    • (Polska).
651 -Hasło przedmiotowe w formie nazwy geograficznej [ ,7]
    • a
    • Nazwa geograficzna
    • Pomorze Zachodnie (Polska ; region)
    • x
    • Określnik rzeczowy
    • historia.
    • 2
    • Źródło terminu
    • kaba
    • 9
    • KHW
    • 366788
651 -Hasło przedmiotowe w formie nazwy geograficznej [ ,7]
    • a
    • Nazwa geograficzna
    • Pomorze Zachodnie (Polska ; region)
    • x
    • Określnik rzeczowy
    • w literaturze.
    • 2
    • Źródło terminu
    • kaba
    • 9
    • KHW
    • 402656
980 -Symbol UKD [ , ]
    • a
    • UKD
    • 339.92:316.347](438+430) Pomorze
700 -Hasło dodatkowe - nazwa osobowa [1, ]
    • a
    • Nazwa osobowa (NP)
    • Wolski, Paweł Find
    • d
    • Daty biograficzne (NP)
    • (1980- ).
    • e
    • Określenie rodzaju współpracy
    • Red.
    • 9
    • KHW
    • 99979
710 -Hasło dodatkowe - nazwa ciała zbiorowego [2, ]
    • a
    • Nazwa ciała zbiorowego lub nazwa geograficzna jako pierwszy element (NP)
    • Wydawnictwo Naukowe PWN.
    • 4
    • Kod relacji
    • pbl
    • 9
    • KHW
    • 52648
920 -ISBN [ , ]
    • a
    • ISBN
    • 978-83-01-18057-7 Find
Status udost. Sygnatura Data inwentaryzacji Lokalizacja Numer inwentarzowy
1 2015-05-15BGZ.120214
-3 2017-02-22BGWM.19553
1 2017-06-16BMG.19074
-3Germ.Literaturozn.-lit.region.092023-12-05BMBJM.2989
1 2017-02-14BNSH.29327